| 000 | 011430000a22002770004500 | ||
|---|---|---|---|
| 003 | EG-GICUC | ||
| 005 | 20250223030045.0 | ||
| 008 | 090909s1997 ua dho f m 000 0 eng d | ||
| 040 |
_aEG-GiCUC _beng _cEG-GiCUC |
||
| 041 | 0 | _aeng | |
| 049 | _aDeposite | ||
| 097 | _aM.Sc | ||
| 099 | _aCai01.07.08.M.Sc.1997.An.E | ||
| 100 | 0 | _aAngel Roshdy Abdelsaid | |
| 245 | 1 | 0 |
_aEcological and biological studies on mealybug parasitioids at Giza region / _cAngel Roshdy Abdelsaid ; Supervised K. T. Awadallah , Abdelaziz M. A. Ibrahim |
| 246 | 1 | 5 | _aدراسات بيئية وبيولوجية على طفيليات البق الدقيقى فى منطقة الجيزة |
| 260 |
_aCairo : _bAngel Roshdy Abdelsaid , _c1997 |
||
| 300 |
_a143 Leaves : _bcharts , facsimiles , photographs ; _c30cm |
||
| 502 | _aThesis(M.Sc.) - Cairo University - Faculty of Agriculture - Department of Economic Entomology and Pesticides | ||
| 700 | 0 |
_aAbdelaziz M. A. Ibrahim , _eSupervisor |
|
| 700 | 0 |
_aK. T. Awadallah , _eSupervisor |
|
| 856 | _uhttp://172.23.153.220/th.pdf | ||
| 905 |
_aNazla _eRevisor |
||
| 905 |
_aReda _eCataloger |
||
| 942 |
_2ddc _cTH |
||
| 999 |
_c26525 _d26525 |
||